One stop remediation consent (Record no. 69713)
[ view plain ]
| 000 -LEADER | |
|---|---|
| fixed length control field | 01159cam a2200205 4500 |
| 001 - CONTROL NUMBER | |
| control field | WB3809-10 |
| 008 - FIXED-LENGTH DATA ELEMENTS--GENERAL INFORMATION | |
| fixed length control field | 020306n2002 000 0 eng u |
| 035 ## - SYSTEM CONTROL NUMBER | |
| System control number | (Sirsi) u117023 |
| 245 ## - TITLE STATEMENT | |
| Title | One stop remediation consent |
| 260 ## - PUBLICATION, DISTRIBUTION, ETC. | |
| Date of publication, distribution, etc. | 2002 |
| 490 ## - SERIES STATEMENT | |
| Series statement | RICS Environment Faculty News |
| Volume/sequential designation | 5 March 2002 (1) |
| 520 ## - SUMMARY, ETC. | |
| Summary, etc. | Government has set up a working party to examine the case for creating a single remediation permit for contaminated sites. The working party will explore whether it is worthwhile to create a 'one stop' consent for remediating sites. The permit could bring together a host of environmental consents, such as those governing water and landfill issues. The group, which includes RICS Environment Faculty representation from chairman Griff Dixon, is due to submit a report later this year. A single remediation license was a recommendation of Lord Rogers' 1999 "Urban Task Force"report http://www.regeneration.dtlr.gov.uk/utf/index.htm |
| 590 ## - LOCAL NOTE (RLIN) | |
| Local note | WB |
| 650 ## - SUBJECT ADDED ENTRY--TOPICAL TERM | |
| Topical term or geographic name entry element | CONTAMINATED SITES |
| 650 ## - SUBJECT ADDED ENTRY--TOPICAL TERM | |
| Topical term or geographic name entry element | REMEDIATION LICENSES |
| 650 ## - SUBJECT ADDED ENTRY--TOPICAL TERM | |
| Topical term or geographic name entry element | URBAN TASK FORCE |
| 650 ## - SUBJECT ADDED ENTRY--TOPICAL TERM | |
| Topical term or geographic name entry element | CONSENTS |
| 690 ## - LOCAL SUBJECT ADDED ENTRY--TOPICAL TERM (OCLC, RLIN) | |
| Topical term or geographic name as entry element | ENVIRONMENTAL AND LAND CONSULTANCY |
| 942 ## - ADDED ENTRY ELEMENTS (KOHA) | |
| Suppress in OPAC | 0 |
| Withdrawn status | Lost status | Source of classification or shelving scheme | Damaged status | Not for loan | Home library | Current library | Shelving location | Date acquired | Total Checkouts | Full call number | Barcode | Date last seen | Copy number | Price effective from | Koha item type |
|---|---|---|---|---|---|---|---|---|---|---|---|---|---|---|---|
| Dewey Decimal Classification | London | London | News article | 06/03/2002 | WB3809-10 | 117023-1001 | 06/08/2019 | 1 | 06/08/2019 | News article |